Statystyki dla Wszystkie - piosenki Kukon

Kliknij tutaj aby rozwiązać quiz!

Ogólne statystyki

  • Ten quiz został rozwiązany 134 razy
  • Średni wynik to 55 z 194

Statystyki odpowiedzi

Album - Feat.Tytuł piosenki% Poprawnych
/Kocham Cię
75%
DRAMAT. (ft.Julia Mikuła)kokaina nie pomaga ci w depresji
69%
/Miniówa
65%
/Ostatni bal
62%
/Dziewczyna z biblioteki
60%
/ ft.lex clockworkRozmazany ból
58%
/Miss Pleasure
57%
/w aucie noc i 90bpm
57%
/Bliźniaczki
56%
Piękny BólPorsche
56%
/ ft. Młody koalaKoala Party
55%
/zachód na blokach
54%
/Lekkie Łezki
52%
/Ogrody po blantach
52%
/będziemy mieć dom, malutki dom
51%
/Ciężkie łezki
51%
/MISS ME
51%
/ ft.PikersLady Gaga
49%
/ ft. QuebonafidePiję wódę i słucham Ich Troje
48%
/Prawniczka
48%
/wrześniowe pomarańcze
48%
Ogrody Mixtape 3ohs 2022
47%
/only&one
47%
/Pamiątka z Paryża
47%
/deszcz pada na namiot
46%
/Gruba ryba
46%
/ ft. PRO8L3MHARD FLEX DRIVE
46%
/ ft. lex clockworkpasterka
46%
Ogrody Mixtape 2Sheraton Kopenhaga
46%
/zrób ze mnie lepszego chłopca
46%
/ bonus trackMartwe Modelki
45%
/Czarne Subaru
43%
/Kocham ćpunkę
43%
Ogrody MixtapeO.H.S 2014
43%
/Seks w ciuchach
43%
/Sypialnia
43%
/ ft. Daria ZawiałowBatman
42%
/Bluza PIĘKNY SYF
42%
/Czerwone Malboro
42%
/Kariera
42%
/sąsiedzi
42%
/Wirtualny diler
42%
/Letni romans
41%
/ ft.SilrosenceMaskotka
40%
Diabły & ZapałkiNastoletnia Rosjanka
40%
/Zima 2019
40%
/Gotówka
39%
/ ft. Kaz BałaganeLondon Rain
39%
/ ft. Faustyna MaciejczukAlgorytm
38%
/Cała noc w samolocie
38%
/pudelek
38%
/Rosja
38%
/piona
37%
/Aesthetic
36%
/Białe poduszki
36%
/miło mi cię poznać
36%
/Panna Wampir
36%
MissShe is mine
36%
/ ft. Louis Villian & Phunk'ill35mm
35%
/Casting
35%
/ ft. Dawkon, lex clockwork & Młody koalaNo To Wio
35%
/Zabiłaś mnie
35%
/archiwum x
34%
/Blondi
34%
/Nowy Dom
34%
/Tango Argentino
34%
/ ft. Lex clockwork50 cent
33%
/ ft. lex clockworkDomówa
33%
/ ft. lex clockworkDupeczki
33%
/ fr. Lex clockworkNaszyjniki i Kolczyki
33%
/ ft. Нетлица (Nyetlitza)List od Mikołaja
32%
Kukonozaur Mixtape MoodMood
32%
/new york
32%
/Różowa dama
32%
/ ft. KizoRuletka
32%
/ fr. PikersSzwajcaria
32%
Rough N'Gentle4 am in Metawers
31%
/ ft. GibbsDiamond Fetish
31%
/Ekipa No-Logo
31%
/kolacja
31%
/Manekin
31%
/Meskalina
31%
/ ft. Oskarpo staremu
31%
/sexy
31%
/Siostro
31%
/ft. lex clockworkspecyficzny zapach
31%
Radio TaxiTulipan
31%
/Celebryta
29%
/ ft. AVICzarne BMW
29%
/iCarly
29%
/miłość
29%
/Nowe ogrody
29%
/szukam ciebie, ciągle w złych miejscach
29%
/ ft. lex clockworkuk
29%
/B Boje
28%
/Funny GAMES
28%
/Reżyser
28%
/Buziaczek i buszek
27%
/darknet
27%
/ ft. MazzhykDiablo
27%
/ ft.MairaIzolacja 2020
27%
/Jogobella weed
27%
/nie ma miejsca jak dom
27%
/ ft. Lex clockworkRaz lepiej raz gorzej
27%
/100 tysięcy
26%
Agresja & DepresjaCześć co tam
26%
/ ft. Lex clockworkElegansior
26%
/hermetyczne plotki
26%
/ ft.kaiindica night
26%
/Mom jeans
26%
/ ft. lex clockwork & RenaNie ma w mieście towaru
26%
/Noemi
26%
/Połknąć pocałunek
26%
/ ft. Lex clockwork & Sick WolfheartSpray
26%
/Bluetooth
25%
/ELECTRA
25%
/Gdzie Są Pieniądze???
25%
/ ft. MokraGoldbikini Club
25%
/Hotel nauczka
25%
/interes
25%
/ ft. Kaz BałaganeMinuty to narkotyki
25%
/Not EAZY Life
25%
/Otwarty bagażnik
25%
/ ft. Pikersprosty dzień
25%
/SPAM
25%
/Toxic Orgasm
25%
/Wyjedźmy do Oslo
25%
/ ft. DeysZezima
25%
/ (skit) ft. Bas TajpanBiznes
24%
/Dom kultury
24%
/Krew to pieniądze
24%
/ ft. Marcin Januszkiewiczpolish savages
24%
/ ft. HAŁASTRAstudio sesja
24%
/ ft. DeysZa młody na grzech
24%
/Crazy Horse Paris
23%
Afera Kukon x MagieraDrive Bye
23%
/ ft. MairaHappy End
23%
/LA Badroom
23%
/ ft. lex clockworkpolski blok, polskie flow
23%
/Stara kumpela
23%
/ ft.SobotaTeatrzyk
23%
/ ft. Marysia StarostaReal Friends
22%
/ ft.RosalieSamotność
22%
Kraków, Marzec 2020Cuckold
21%
/Malibu
21%
/Baltona
20%
/ ft. lex clockworkDobry numer
20%
/ ft. lex clockworkdycha
20%
/Casablanca
19%
/Celebrity Net Worth
19%
/Floryda
19%
/ ft.KraftwerkJebać system
19%
/ ft. Lex clockworkSpory
19%
/ ft. lex clockwork#stilltrillogf
18%
/ ft. KaziorCyber-street
17%
/ ft. FifsonBlow
15%
/ ft.DJ Falcon1Hello-moto
14%
/ bonus trackPuma
12%
/OGF
11%
/Co się dzieje
9%
/Paris
8%
/22:22
7%
/I Mean It
7%
/3 AM
6%
/5AM
6%
/Byłoo
6%
/ ft. lex clockwork bonus trackCHAMY
6%
/ bonus trackKasyno
5%
/Ona Wie
5%
Ogrody FamiliaOnly dream
5%
/TBA
5%
/23-400
4%
/ ft. CdoZCity Boy
4%
/Cloudstreet
4%
/ ft. JadenawolnoFaded
4%
#STILLTRILLOGF MIXTAPEGet Rich Or Die Tryin
4%
/ ft. AMIGhetto
4%
/ ft. AMIGran Torino
4%
/Guns N'Roses
4%
/Invisible Life
4%
/Najgorszy Rok
4%
/ ft. MCH.Nemezis
4%
/ ft. MCH.Nie Wiesz Nic O Nas
4%
/Nikt Z Nas
4%
/ ft. JadenawolnoPłać Euro
4%
/Whiskey
4%
/ ft. GrażynaZarzucaj
4%
/California love
3%
/Sam Wiesz Kto
3%
/Ufaj w Ciemno
3%
/71 dziewice
2%
/komeracha
2%
/ bonus trackMIDDLE EAST FREESTYLE
2%
☽ nightmare ☾ epTrack 1
2%

Rozkład punktacji

Percentyl według liczby udzielonych odpowiedzi

Procent ludzi z każdym wynikiem

Twoja historia wyników

Nie rozwiązałeś tego quizu